000
00336nam 22001453 4500
001
32705
010
_a
0-04-551032-6
090
_a
32705
100
_a
20260413d u||y0pory50 ba
101
_a
eng
200
_a
Atmospheric Processes
_f
James D. Hanwell
210
_a
London
_c
George Allen & Unwin
_d
1980
317
_5
INMG
801
_g
ISBD
942
_n
0